000 00424nam a22001337a 4500
003 SGT
020 _a9789386300751
082 _a891.4309
_bS17G
100 _aगुप्ता, रेनू
245 _a राजवंशी संसारी सन्यासी : श्री हनुमान प्रसाद
260 _bप्रभात प्रकाशन
_c2017
300 _a295
942 _2ddc
_cBK
999 _c29693
_d29693